00529nam a2200181Ia 4500999001700000003000400017005001700021008004100038020001500079040001800094082001800112100002600130245008600156260004400242300000900286650001000295942004200305 c15843d15843OSt20200606115835.0190216s9999||||xx |||||||||||||| ||und|| a8186103236 cMESKC library a891.43bKAU/P aKaushal, Kailash9200 0aPremchand evm Prasad ke Kahani Sahitya ka Thulnatmak Adhayyann /cKailash Kaushal bRajasthani Granthagar,aJodhpur:c1995. a176p aHindi cBK2ddch891.43iKAU/Pk891.43mKAU/P